1618 1484 1280 1090 1374 1391 1650 1299 1413 1364 1597 1660 1720 1342 1021 1723 1938 1854 1180 1403 1664 1026 1831 1559 1641 1528 1345 1200 1424 1927 1812 1084 1855 1967 1881 1590 1163 1857 1942 1239 1339 1821 1955 1748 1564 1824 1324 1123 1846 1214 1461 1269 1420 1619 1543 1944 1625 1566 1785 1959 1989 1724 1690 1491 1939 1261 1509 1023 1658 1290 1500 1082 1998 1705 1962 1131 1445 1263 1704 1671 1458 1041 1463 1896 1708 1321 1419 1333 1051 1199 1701 1965 1186 1282 1981 1532 1886 1406 1638 BCNSPRNW ULIB Ver.6.0+V

เปลี่ยนเป็นภาษาไทย

Change to English
 แสดงรายละเอียดบรรณานุกรม
  กลับหน้าหลัก

Brief Record : Get Marc (ISO 2709) : E-mail record : QR code < ปิดหน้าต่าง
LEADER : 00000nam 2200000uu 4500
001    13399126203
003     ULIB
008    180725s2017||||th 000 0 tha d
020    ^a9780323392457
060    ^aWY159^bN974
245    ^aNursing Key Topics Review:Pediatrics.
260    ^aLouis, Missouri :^bElsevier Limited,^c2017
300    ^a455 pages;^b26 cm
650    ^aNursing^xPediatrics
945    ^p0^l0^i26420
999    ^aกัณชพร จุลอักษร
รายการนี้ยังไม่มีแท็ก
คุณยังไม่ได้ล็อกอิน คุณสามารถมีกิจกรรมร่วมกับเว็บไซต์ได้ แต่ต้องล็อกอินก่อน ::
  ล็อกอิน

รายการสื่อสารสนเทศ

ลำดับที่ ประเภท เลขเรียก/บาร์โค้ด สถานที่ สถานะ
1. วิทยาศาสตร์การแพทย์ และสุขภาพ
วิทยาศาสตร์การแพทย์ และสุขภาพ
WY159 N974 ฉ.1 
  Barcode: 26420
ห้องสมุดวิทยาเขตนครสวรรค์
►หนังสือทั่วไป:l:General Books
บนชั้น

รายการใกล้เคียง
    ชื่อเรื่อง [Nursing Key Topics Review:Pediatrics.]

BibComment


ยังไม่เคยถูกคอมเมนท์

คอมเมนท์ทรัพยากรรายการนี้
  คอมเมนท์: Nursing Key Topi..


 Copyright 2026. Bcnsprnw @Library